La policía de las familias: familia, sociedad y poder
Uloženo v:
| Hlavní autor: | |
|---|---|
| Médium: | Kniha |
| Jazyk: | španělština |
| Vydáno: |
Buenos Aires
Nueva Visión
2008
|
| Vydání: | 1a. ed |
| Edice: | Colección Claves
|
| Témata: | |
| Tagy: |
Přidat tag
Žádné tagy, Buďte první, kdo vytvoří štítek k tomuto záznamu!
|
MARC
| LEADER | 00000cam a2200000 a 4500 | ||
|---|---|---|---|
| 001 | UCF2696 | ||
| 003 | CL-VaPUC | ||
| 008 | 120830e20080000AG |||||||||||||||||spa|d | ||
| 020 | |a 9789506020798 | ||
| 082 | 0 | 4 | |a 301 |b DON |2 21 |
| 100 | 0 | |a Donzelot, Jacques |e author |9 564447 | |
| 245 | 1 | 3 | |a La policía de las familias: familia, sociedad y poder |
| 250 | |a 1a. ed | ||
| 300 | |a 223 p | ||
| 942 | |c BK | ||
| 945 | |d 20120830 00:00:00 |a dcastane | ||
| 260 | |a Buenos Aires |b Nueva Visión |c 2008 | ||
| 650 | 0 | |a Sociología |9 255410 | |
| 650 | 0 | |a Familias |9 255641 | |
| 650 | 7 | |a ROL DE LOS PADRES |2 CL-VaPUC |9 338980 | |
| 650 | 7 | |a INFLUENCIA FAMILIAR |2 CL-VaPUC |9 335148 | |
| 583 | |a last modification |c 20120830 10:25:00 |k Rodrigo Vera | ||
| 490 | 0 | |a Colección Claves | |
| 999 | |c 349236 |d 349234 | ||
| 952 | |0 0 |1 0 |4 0 |6 301_000000000000000_DON_2008 |7 0 |8 A |9 451751 |a BIBEDU |b BIBEDU |d 2019-11-22 |i 4899717 |o 301 DON 2008 |p 4899717 |r 2019-11-22 |w 2019-11-22 |y BK |k PSI | ||
| 952 | |0 0 |1 0 |4 0 |6 301_000000000000000_DON_2008 |7 0 |8 A |9 451752 |a BIBEDU |b BIBEDU |d 2019-11-22 |i 4961145 |o 301 DON 2008 |p 4961145 |r 2019-11-22 |w 2019-11-22 |y BK |k PSI | ||
| 952 | |0 0 |1 0 |4 0 |6 301_000000000000000_DON_2008 |7 0 |8 A |9 451753 |a BIBEDU |b BIBEDU |d 2019-11-22 |i 4961153 |o 301 DON 2008 |p 4961153 |r 2019-11-22 |w 2019-11-22 |y BK |k PSI | ||
| 952 | |0 0 |1 0 |4 0 |6 301_000000000000000_DON_2008 |7 0 |8 A |9 451754 |a BIBEDU |b BIBEDU |d 2019-11-22 |i 4961161 |o 301 DON 2008 |p 4961161 |r 2019-11-22 |w 2019-11-22 |y BK |k PSI | ||